Great women athletes / by Darice Bailer.
Available copies
- 1 of 1 copy available at LARL/NWRL Consortium.
Current holds
0 current holds with 1 total copy.
Show Only Available Copies
| Location | Call Number / Copy Notes | Barcode | Shelving Location | Status | Due Date |
|---|---|---|---|---|---|
| Warroad Public Library | j 796.082 BAI (Text) | 35500003459862 | Main | Available | - |
Record details
- ISBN: 0375911863 (lib. bdg.)
- ISBN: 0375811869 (trade)
- Physical Description: 48 p. : ill. (some col.) ; 24 cm.
- Publisher: New York : Random House, c2001.
Search for related items by subject
| Subject: | Athletes > United States > Biography > Juvenile literature. Women athletes > United States > Biography > Juvenile literature. Athletes Women > Biography. |
Search for related items by series
| LDR | 01031cam a22002894a 4500 | ||
|---|---|---|---|
| 001 | 52960 | ||
| 003 | LARL_NWRL_CONSORTIUM | ||
| 005 | 20040712142512.0 | ||
| 008 | 000724s2001 nyua c 000 0ceng | ||
| 020 | . | ‡a0375911863 (lib. bdg.) | |
| 020 | . | ‡a0375811869 (trade) | |
| 042 | . | ‡apcc ‡alcac | |
| 043 | . | ‡an-us--- | |
| 082 | 0 | 0. | ‡a796/.082/092273 ‡aB ‡221 |
| 099 | . | ‡aj 796.082 ‡bBAI | |
| 100 | 1 | . | ‡aBailer, Darice. ‡0(LARL_NWRL_CONSORTIUM)109814 |
| 245 | 1 | 0. | ‡aGreat women athletes / ‡cby Darice Bailer. |
| 260 | . | ‡aNew York : ‡bRandom House, ‡cc2001. | |
| 300 | . | ‡a48 p. : ‡bill. (some col.) ; ‡c24 cm. | |
| 490 | 0 | . | ‡aStep into reading. Step 4 |
| 650 | 0. | ‡aAthletes ‡zUnited States ‡vBiography ‡vJuvenile literature. ‡0(LARL_NWRL_CONSORTIUM)163555 | |
| 650 | 0. | ‡aWomen athletes ‡zUnited States ‡vBiography ‡vJuvenile literature. | |
| 650 | 1. | ‡aAthletes ‡0(LARL_NWRL_CONSORTIUM)14220 | |
| 650 | 1. | ‡aWomen ‡vBiography. ‡0(LARL_NWRL_CONSORTIUM)34555 | |
| 901 | . | ‡a52960 ‡bISxN ‡c52960 ‡tbiblio | |

Add to basket
Permalink
Disable Highlighting